000 01516nam2a2200289 4500
001 rc\2895348
005 20260315053404.0
035 _a(NLR Aleph) 007047321
090 _a13589773
_c13589773
100 _a20260315 rusy50
101 0 _arus
102 _aRU
105 _aac z |||||
200 1 _aСовременность
210 _d1927-1929
215 _a169, [3] с.
_cил., портр.
300 _aСоставлено авторами т. т. В. Касименко и В. Резник, практические задания тов. Лукьянцом под общ. ред. т. Л. Чернявского
461 0 _1001rc\2895347
_12001#$aРабочая книга по обществознанию$eГод 1-$fСоставлена под общ. руководством Подсекции подростков Науч.-полит. секции Гос. учен. сов.$vПервый год
_96156224
_cМосква
_d1927-1929
_fСоставлена под общ. руководством Подсекции подростков Науч.-полит. секции Гос. учен. сов.
_nГос. изд-во
_oГод 1-
_tРабочая книга по обществознанию
_vПервый год
700 1 _aКасименко
_bВ.
701 1 _aРезник
_bВ.
701 1 _aЛукьянц
702 1 _aЧернявский
_bЛ.
_4340
801 0 _aRU
_bNLR
_gpsbo
801 1 _aRU
_bELAR
_2rusmarc
852 _aNLR
_j37.66.3.104
942 _cUNSPEC
980 _aNB